<?xml version="1.0" encoding="UTF-8"?>
<record
    xmlns:xsi="http://www.w3.org/2001/XMLSchema-instance"
    xsi:schemaLocation="http://www.loc.gov/MARC21/slim http://www.loc.gov/standards/marcxml/schema/MARC21slim.xsd"
    xmlns="http://www.loc.gov/MARC21/slim">

  <leader>01356nam a22002537a 4500</leader>
  <datafield tag="999" ind1=" " ind2=" ">
    <subfield code="c">57758</subfield>
    <subfield code="d">57758</subfield>
  </datafield>
  <controlfield tag="003">Ge_BSU</controlfield>
  <controlfield tag="005">20201105114352.0</controlfield>
  <controlfield tag="008">201105s2008ge  xxu||||| |||| 00| 0 geo d</controlfield>
  <datafield tag="020" ind1=" " ind2=" ">
    <subfield code="a">9789941902703</subfield>
  </datafield>
  <datafield tag="041" ind1=" " ind2=" ">
    <subfield code="a">geo</subfield>
  </datafield>
  <datafield tag="080" ind1=" " ind2=" ">
    <subfield code="a">616.3.1 &#x10E0;-15</subfield>
  </datafield>
  <datafield tag="100" ind1=" " ind2=" ">
    <subfield code="a">&#x10E0;&#x10D0;&#x10D3;&#x10DA;&#x10D8;&#x10DC;&#x10E1;&#x10D9;&#x10D8;, &#x10E1;</subfield>
    <subfield code="9">9693</subfield>
  </datafield>
  <datafield tag="245" ind1=" " ind2=" ">
    <subfield code="a">&#x10D9;&#x10D1;&#x10D8;&#x10DA;&#x10D7;&#x10D0; &#x10D4;&#x10E1;&#x10D7;&#x10D4;&#x10E2;&#x10D8;&#x10D9;&#x10E3;&#x10E0;&#x10D8; &#x10E0;&#x10D4;&#x10E1;&#x10E2;&#x10D0;&#x10D5;&#x10E0;&#x10D0;&#x10EA;&#x10D8;&#x10D0;   /</subfield>
    <subfield code="c">&#x10E1;.&#x10E0;&#x10D0;&#x10D3;&#x10DA;&#x10D8;&#x10DC;&#x10E1;&#x10D9;&#x10D8; ; &#x10DB;&#x10D7;.&#x10E0;&#x10D4;&#x10D3;. &#x10DC;.&#x10D5;&#x10D0;&#x10D3;&#x10D0;&#x10ED;&#x10D9;&#x10DD;&#x10E0;&#x10D8;&#x10D0; ; &#x10E0;&#x10D4;&#x10D3; :  &#x10DC;.&#x10D2;&#x10E3;&#x10DB;&#x10D1;&#x10D4;&#x10E0;&#x10D8;&#x10EB;&#x10D4; ; &#x10DC;. &#x10DB;&#x10D0;&#x10DC;&#x10EF;&#x10D2;&#x10D0;&#x10DA;&#x10D0;&#x10EB;&#x10D4;.</subfield>
  </datafield>
  <datafield tag="264" ind1=" " ind2=" ">
    <subfield code="a">&#x10D7;&#x10D1;&#x10D8;&#x10DA;&#x10D8;&#x10E1;&#x10D8; : </subfield>
    <subfield code="b">&#x10DE;&#x10DD;&#x10DA;&#x10D0;&#x10E0;&#x10D8;&#x10E1; &#x10DE;&#x10E0;&#x10D8;&#x10DC;&#x10E2;&#x10D8;, </subfield>
    <subfield code="c">2008.</subfield>
  </datafield>
  <datafield tag="300" ind1=" " ind2=" ">
    <subfield code="a">372 &#x10D2;&#x10D5;.:</subfield>
    <subfield code="b">&#x10E4;&#x10DD;&#x10E2;&#x10DD;&#x10DB;&#x10D0;&#x10E1;&#x10D0;&#x10DA;&#x10D0; &#x10D3;&#x10D0; &#x10D8;&#x10DA; ;</subfield>
    <subfield code="c">29&#x10E1;&#x10DB;.</subfield>
  </datafield>
  <datafield tag="504" ind1=" " ind2=" ">
    <subfield code="a">&#x10D1;&#x10D8;&#x10D1;&#x10DA;&#x10D8;&#x10DD;&#x10D2;&#x10E0;&#x10D0;&#x10E4;. &#x10D2;&#x10D5;:261-264</subfield>
  </datafield>
  <datafield tag="653" ind1=" " ind2=" ">
    <subfield code="a">&#x10E1;&#x10E2;&#x10DD;&#x10DB;&#x10D0;&#x10E2;&#x10DD;&#x10DA;&#x10DD;&#x10D2;&#x10D8;&#x10D0;</subfield>
  </datafield>
  <datafield tag="653" ind1=" " ind2=" ">
    <subfield code="a">&#x10DB;&#x10D4;&#x10D3;&#x10D8;&#x10EA;&#x10D8;&#x10DC;&#x10D0;</subfield>
  </datafield>
  <datafield tag="700" ind1=" " ind2=" ">
    <subfield code="a">&#x10D5;&#x10D0;&#x10D3;&#x10D0;&#x10ED;&#x10D9;&#x10DD;&#x10E0;&#x10D8;&#x10D0;, &#x10DC;</subfield>
    <subfield code="e">&#x10DB;&#x10D7;&#x10D0;&#x10D5;&#x10D0;&#x10E0;&#x10D8; &#x10E0;&#x10D4;&#x10D3;&#x10D0;&#x10E5;&#x10E2;&#x10DD;&#x10E0;&#x10D8;</subfield>
    <subfield code="9">9694</subfield>
  </datafield>
  <datafield tag="700" ind1=" " ind2=" ">
    <subfield code="a">&#x10D2;&#x10E3;&#x10DB;&#x10D1;&#x10D4;&#x10E0;&#x10D8;&#x10EB;&#x10D4;, &#x10DC; </subfield>
    <subfield code="e">&#x10E0;&#x10D4;&#x10D3;&#x10D0;&#x10E5;&#x10E2;&#x10DD;&#x10E0;&#x10D8;</subfield>
    <subfield code="9">9695</subfield>
  </datafield>
  <datafield tag="700" ind1=" " ind2=" ">
    <subfield code="a">&#x10DB;&#x10D0;&#x10DC;&#x10EF;&#x10D0;&#x10D5;&#x10D8;&#x10EB;&#x10D4;, &#x10DC; </subfield>
    <subfield code="e">&#x10E0;&#x10D4;&#x10D3;&#x10D0;&#x10E5;&#x10E2;&#x10DD;&#x10E0;&#x10D8;</subfield>
    <subfield code="9">9696</subfield>
  </datafield>
  <datafield tag="710" ind1=" " ind2=" ">
    <subfield code="a">&#x10D7;&#x10D1;&#x10D8;&#x10DA;&#x10D8;&#x10E1;&#x10D8;&#x10E1; &#x10E1;&#x10D0;&#x10EE;&#x10D4;&#x10DA;&#x10DB;&#x10EC;&#x10D8;&#x10E4;&#x10DD; &#x10E1;&#x10D0;&#x10DB;&#x10D4;&#x10D3;&#x10D8;&#x10EA;&#x10D8;&#x10DC;&#x10DD; &#x10E3;&#x10DC;&#x10D8;&#x10D5;&#x10D4;&#x10E0;&#x10E1;&#x10D8;&#x10E2;&#x10D4;&#x10E2;&#x10D8;</subfield>
    <subfield code="9">9697</subfield>
  </datafield>
  <datafield tag="942" ind1=" " ind2=" ">
    <subfield code="2">udc</subfield>
    <subfield code="c">BK</subfield>
  </datafield>
  <datafield tag="952" ind1=" " ind2=" ">
    <subfield code="0">0</subfield>
    <subfield code="1">0</subfield>
    <subfield code="2">udc</subfield>
    <subfield code="4">0</subfield>
    <subfield code="6">61631_&#x10E0;15</subfield>
    <subfield code="7">0</subfield>
    <subfield code="9">89622</subfield>
    <subfield code="a">CPL</subfield>
    <subfield code="b">CPL</subfield>
    <subfield code="c">GEN</subfield>
    <subfield code="d">2020-11-05</subfield>
    <subfield code="g">25.00</subfield>
    <subfield code="o">616.3.1 &#x10E0;-15</subfield>
    <subfield code="p">1914</subfield>
    <subfield code="r">2020-11-05</subfield>
    <subfield code="t">1914</subfield>
    <subfield code="w">2020-11-05</subfield>
    <subfield code="y">BK</subfield>
    <subfield code="z">25.00</subfield>
  </datafield>
  <datafield tag="952" ind1=" " ind2=" ">
    <subfield code="0">0</subfield>
    <subfield code="1">0</subfield>
    <subfield code="2">udc</subfield>
    <subfield code="4">0</subfield>
    <subfield code="6">61631_&#x10E0;15</subfield>
    <subfield code="7">0</subfield>
    <subfield code="9">101024</subfield>
    <subfield code="a">CPL</subfield>
    <subfield code="b">CPL</subfield>
    <subfield code="c">GEN</subfield>
    <subfield code="d">2024-11-06</subfield>
    <subfield code="g">25.00</subfield>
    <subfield code="o">616.3.1 &#x10E0;-15</subfield>
    <subfield code="p">69607</subfield>
    <subfield code="r">2024-11-06</subfield>
    <subfield code="t">69607</subfield>
    <subfield code="w">2024-11-06</subfield>
    <subfield code="y">BK</subfield>
    <subfield code="z">25.00</subfield>
  </datafield>
  <datafield tag="952" ind1=" " ind2=" ">
    <subfield code="0">0</subfield>
    <subfield code="1">0</subfield>
    <subfield code="2">udc</subfield>
    <subfield code="4">0</subfield>
    <subfield code="6">61631_&#x10E0;15</subfield>
    <subfield code="7">0</subfield>
    <subfield code="9">101025</subfield>
    <subfield code="a">CPL</subfield>
    <subfield code="b">CPL</subfield>
    <subfield code="c">GEN</subfield>
    <subfield code="d">2024-11-06</subfield>
    <subfield code="g">25.00</subfield>
    <subfield code="o">616.3.1 &#x10E0;-15</subfield>
    <subfield code="p">69608</subfield>
    <subfield code="r">2024-11-06</subfield>
    <subfield code="t">69608</subfield>
    <subfield code="w">2024-11-06</subfield>
    <subfield code="y">BK</subfield>
    <subfield code="z">25.00</subfield>
  </datafield>
  <datafield tag="952" ind1=" " ind2=" ">
    <subfield code="0">0</subfield>
    <subfield code="1">0</subfield>
    <subfield code="2">udc</subfield>
    <subfield code="4">0</subfield>
    <subfield code="6">61631_&#x10E0;15</subfield>
    <subfield code="7">0</subfield>
    <subfield code="9">101026</subfield>
    <subfield code="a">CPL</subfield>
    <subfield code="b">CPL</subfield>
    <subfield code="c">GEN</subfield>
    <subfield code="d">2024-11-06</subfield>
    <subfield code="g">25.00</subfield>
    <subfield code="o">616.3.1 &#x10E0;-15</subfield>
    <subfield code="p">69609</subfield>
    <subfield code="r">2024-11-06</subfield>
    <subfield code="t">69609</subfield>
    <subfield code="w">2024-11-06</subfield>
    <subfield code="y">BK</subfield>
    <subfield code="z">25.00</subfield>
  </datafield>
  <datafield tag="952" ind1=" " ind2=" ">
    <subfield code="0">0</subfield>
    <subfield code="1">0</subfield>
    <subfield code="2">udc</subfield>
    <subfield code="4">0</subfield>
    <subfield code="6">61631_&#x10E0;15</subfield>
    <subfield code="7">0</subfield>
    <subfield code="9">101027</subfield>
    <subfield code="a">CPL</subfield>
    <subfield code="b">CPL</subfield>
    <subfield code="c">GEN</subfield>
    <subfield code="d">2024-11-06</subfield>
    <subfield code="g">25.00</subfield>
    <subfield code="o">616.3.1 &#x10E0;-15</subfield>
    <subfield code="p">69610</subfield>
    <subfield code="r">2024-11-06</subfield>
    <subfield code="t">69610</subfield>
    <subfield code="w">2024-11-06</subfield>
    <subfield code="y">BK</subfield>
    <subfield code="z">25.00</subfield>
  </datafield>
  <datafield tag="952" ind1=" " ind2=" ">
    <subfield code="0">0</subfield>
    <subfield code="1">0</subfield>
    <subfield code="2">udc</subfield>
    <subfield code="4">0</subfield>
    <subfield code="6">61631_&#x10E0;15</subfield>
    <subfield code="7">0</subfield>
    <subfield code="9">101028</subfield>
    <subfield code="a">CPL</subfield>
    <subfield code="b">CPL</subfield>
    <subfield code="c">GEN</subfield>
    <subfield code="d">2024-11-06</subfield>
    <subfield code="g">25.00</subfield>
    <subfield code="o">616.3.1 &#x10E0;-15</subfield>
    <subfield code="p">69611</subfield>
    <subfield code="r">2024-11-06</subfield>
    <subfield code="t">69611</subfield>
    <subfield code="w">2024-11-06</subfield>
    <subfield code="y">BK</subfield>
    <subfield code="z">25.00</subfield>
  </datafield>
  <datafield tag="952" ind1=" " ind2=" ">
    <subfield code="0">0</subfield>
    <subfield code="1">0</subfield>
    <subfield code="2">udc</subfield>
    <subfield code="4">0</subfield>
    <subfield code="6">61631_&#x10E0;15</subfield>
    <subfield code="7">0</subfield>
    <subfield code="9">101155</subfield>
    <subfield code="a">CPL</subfield>
    <subfield code="b">CPL</subfield>
    <subfield code="c">GEN</subfield>
    <subfield code="d">2024-11-14</subfield>
    <subfield code="g">25.00</subfield>
    <subfield code="o">616.3.1 &#x10E0;-15</subfield>
    <subfield code="p">69752</subfield>
    <subfield code="r">2024-11-14</subfield>
    <subfield code="t">69752</subfield>
    <subfield code="w">2024-11-14</subfield>
    <subfield code="y">BK</subfield>
    <subfield code="z">25.00</subfield>
  </datafield>
</record>
